000 01146pam a2200349 a 4500
001 1930
003 FISKH
005 20231019090749.0
008 890612r19891965caua jd 000 1 eng
010 _a 89015858
020 _a9780590687331
040 _aDLC
_cDLC
_dDLC
_beng
042 _alcac
050 1 0 _aPZ7.C5792
_bMo 1989
082 0 0 _a813.36
_220
100 1 _aCleary, Beverly.
245 1 4 _aThe mouse and the motorcycle /
_cBeverly Cleary ; illustrated by Louis Darling.
260 _aNew York :
_bScholastic,
_c1965.
300 _a139 pages :
_billustrations ;
_c20 cm.
505 _aW
520 _aA reckless young mouse named Ralph makes friends with a boy in room 215 of the Mountain View Inn and discovers the joys of motorcycling.
521 8 _a860
_bLexile
521 8 _aW
_bRaz-Plus
650 1 _aMotorcycling
_xFiction.
650 1 _aMice
_xFiction.
650 1 _aHotels, motels, etc.
_xFiction.
650 1 _aLarge type books.
700 1 _aDarling, Louis,
_eillustrator
906 _a7
_bcbc
_corignew
_d1
_eocip
_f19
_gy-gencatlg
942 _2ddc
_cBK
_n0
999 _c1930
_d1930